LEADER 00806nam0-2200265 --450 001 9910251759203321 005 20180131085752.0 010 $a88-348-0747-2 100 $a20180130d1991----kmuy0itay5050 ba 101 0 $aita 102 $aIT 105 $aa 001yy 200 1 $a<>piccoli gruppi strutturati$eimpatto sui modelli organizzativi aziendali$fMassimo Franco 210 $aTorino$cGiappichelli$dc1991 215 $a171 p.$cill.$d21 cm 610 0 $aGestione generale$aGestione del personale 676 $a658.3128$v22$zita 700 1$aFranco,$bMassimo$f<1959- >$0749410 801 0$aIT$bUNINA$gREICAT$2UNIMARC 901 $aBK 912 $a9910251759203321 952 $aVI H 864$b1651/2017$fFSPBC 959 $aFSPBC 996 $aPiccoli gruppi strutturati$91508804 997 $aUNINA LEADER 01728oam 2200469M 450 001 9910716212803321 005 20200213070532.8 035 $a(CKB)5470000002520001 035 $a(OCoLC)1065842659 035 $a(OCoLC)995470000002520001 035 $a(EXLCZ)995470000002520001 100 $a20071213d1926 ua 0 101 0 $aeng 135 $aurcn||||||||| 181 $ctxt$2rdacontent 182 $cc$2rdamedia 183 $acr$2rdacarrier 200 10$aBridge across the Mississippi River. January 16 (calendar day, January 23), 1926. -- Ordered to be printed 210 1$a[Washington, D.C.] :$c[U.S. Government Printing Office],$d1926. 215 $a1 online resource (2 pages) 225 1 $aSenate report / 69th Congress, 1st session. Senate ;$vno. 79 225 1 $a[United States congressional serial set ] ;$v[serial no. 8524] 300 $aBatch processed record: Metadata reviewed, not verified. Some fields updated by batch processes. 300 $aFDLP item number not assigned. 517 $aBridge across the Mississippi River. January 16 606 $aBridge construction industry 606 $aBridges$xDesign and construction 606 $aBridges 608 $aLegislative materials.$2lcgft 615 0$aBridge construction industry. 615 0$aBridges$xDesign and construction. 615 0$aBridges. 701 $aBingham$b Hiram$f1875-1956$pRepublican (CT)$0463205 801 0$bWYU 801 1$bWYU 801 2$bOCLCO 801 2$bOCLCQ 801 2$bOCLCO 906 $aBOOK 912 $a9910716212803321 996 $aBridge across the Mississippi River. January 16 (calendar day, January 23), 1926. -- Ordered to be printed$93514277 997 $aUNINA